000 00667nam a22002537a 4500
003 UA-OsUOA
001 25365
007 ta
008 20040402b un ||||| |||| 00| 0 ukr d
100 _aЕникеев М.И.
090 _a159.9:34(075.8)
_bЕ63
942 _cBK
040 _aUA-OsUOA
_brus
_cUA-OsUOA
_dUA-OsUOA
245 _aОбщая, социальная и юридическая психология
_bУчебник для вузов
300 _a752 с.
955 _a0
041 _arus
080 _a159.9:34(075.8)
020 _a5-94723-372-Х
260 _aСПб
_bПитер
_c2003
044 _aRU
650 7 _2UDC
999 _c311658
_d311658